00490nam a2200193Ia 4500003000400000005001700004008004100021020001800062040000700080041001200087082001900099100001800118245004900136260004400185300001800229365001300247650001600260650002000276OSt20250730180030.0210423s2015 xx 000 0 und d a9788183423656 cAL aEnglish a307.772 bMANN aSuresh Manjhi aNational policy on tribals and tribal rights aNew DelhibCrescent Publishing Coc2015 avii,255p.bHB b995cINR aCommunities aSocial Sciences